Diary of a wimpy kid : the ugly truth / (Record no. 114765)
[ view plain ]
| 000 -LEADER | |
|---|---|
| fixed length control field | 00739nam a2200181 a 4500 |
| 005 - DATE AND TIME OF LATEST TRANSACTION | |
| control field | 20140414132111.0 |
| 008 - FIXED-LENGTH DATA ELEMENTS--GENERAL INFORMATION | |
| fixed length control field | 110512s19uu xx 00 eng d |
| 020 ## - INTERNATIONAL STANDARD BOOK NUMBER | |
| International Standard Book Number | 9780810984912 |
| 050 ## - LIBRARY OF CONGRESS CALL NUMBER | |
| Classification number | FIC |
| Item number | K62 2010 |
| 100 ## - MAIN ENTRY--PERSONAL NAME | |
| Personal name | Kinney, Jeff. |
| 245 ## - TITLE STATEMENT | |
| Title | Diary of a wimpy kid : the ugly truth / |
| Statement of responsibility, etc | by Jeff Kinney. |
| 260 ## - PUBLICATION, DISTRIBUTION, ETC. (IMPRINT) | |
| Place of publication, distribution, etc | New York : |
| Name of publisher, distributor, etc | Amulet Books, |
| Date of publication, distribution, etc | 2010. |
| 520 ## - SUMMARY, ETC. | |
| Summary, etc | While trying to find a new best friend after feuding with Rowley, middle-school slacker Greg Heffley is warned by older family members that adolescence is a time to act more responsibly and to think seriously about his future. |
| 650 ## - SUBJECT ADDED ENTRY--TOPICAL TERM | |
| Topical term or geographic name as entry element | Maturation (Psychology) |
| General subdivision | Fiction. |
| 650 ## - SUBJECT ADDED ENTRY--TOPICAL TERM | |
| Topical term or geographic name as entry element | Family life |
| General subdivision | Fiction. |
| 650 ## - SUBJECT ADDED ENTRY--TOPICAL TERM | |
| Topical term or geographic name as entry element | Humorous stories. |
| Withdrawn status | Lost status | Damaged status | Use restrictions | Home library | Current library | Shelving location | Date acquired | Source of acquisition | Cost, normal purchase price | Total Checkouts | Full call number | Barcode | Date last seen | Price effective from | Koha item type | Source of classification or shelving scheme | Sub Shelving location |
|---|---|---|---|---|---|---|---|---|---|---|---|---|---|---|---|---|---|
| Munich Library | Munich Library | Fiction Section | 05/12/2011 | 495.00 | FIC K62 2010 | M6660 | 04/14/2014 | 04/14/2014 | Books | ||||||||
| Munich Library | Munich Library | Fiction Section | 04/14/2025 | Library Fund | FIC K558 2010 | M8947 | 04/14/2025 | 04/14/2025 | Books | Dewey Decimal Classification |